[Event "Bargteheide op"]
[Site "Bargteheide"]
[Date "2015.05.15"]
[Round "3"]
[White "Dijkhuis, Sven"]
[Black "Nedic, Dusan"]
[Result "0-1"]
[WhiteElo "2159"]
[BlackElo "2314"]
[PlyCount "126"]
[EventDate "2015.05.14"]
[EventType "swiss"]
[EventRounds "7"]
[EventCountry "GER"]
[SourceTitle "CBM 166 Extra"]
[Source "ChessBase"]
[SourceDate "2015.06.18"]
[SourceVersion "1"]
[SourceVersionDate "2015.06.18"]
[SourceQuality "1"]

1. e4 e6 2. d4 d5 3. Nd2 Nf6 4. e5 Nfd7 5. f4 c5 6. c3 Nc6 7. Ndf3 Qb6 8. a3 Be7 9. h4 h5 10. Nh3 cxd4 11. cxd4 Nf8 12. Be2 Bd7 13. b4 Ng6 14. g3 Bd8 15. Be3 Nce7 16. 0-0 Nf5 17. Bf2 Bb5 18. Bxb5+ Qxb5 19. Rb1 Nge7 20. Kg2 Qd7 21. Nhg1 Nc8 22. Qd3 Nb6 23. Nd2 Be7 24. Ngf3 0-0 25. Rfc1 Rac8 26. Nb3 Rxc1 27. Rxc1 Nc4 28. Nc5 Qc8 29. Nd2 b6 30. Ncb3 Qb7 31. Na1 Nxd2 32. Qxd2 Rc8 33. Rc3 Rc4 34. Nc2 Qc6 35. Be1 Kf8 36. Kf2 Ke8 37. Ne3 Nxe3 38. Qxe3 b5 39. Bd2 Bd8 40. Rxc4 Qxc4 41. Qc3 Bb6 42. Ke3 f6 43. Qxc4 dxc4 44. Ke4 f5+ 45. Ke3 Kd7 46. Bc3 Kc6 47. Bb2 a5 48. Bc3 axb4 49. axb4 Kd5 50. Bb2 Bd8 51. Bc3 Be7 52. Bd2 c3 53. Bxc3 Kc4 54. Bd2 Bd8 55. Bc1 g6 56. Bb2 Be7 57. Ba3 Bf8 58. Bb2 Bxb4 59. Ba1 Be1 60. Kf3 b4 61. Bb2 Bc3 62. Bxc3 bxc3 63. Ke3 Kb3 0-1

[Event "Copenhagen Challenge"]
[Site "Ballerup"]
[Date "2015.05.01"]
[Round "4"]
[White "Haug, Johannes"]
[Black "Dijkhuis, Sven"]
[Result "1/2-1/2"]
[WhiteElo "2339"]
[BlackElo "2082"]
[PlyCount "77"]
[EventDate "2015.04.29"]
[EventType "swiss"]
[EventRounds "9"]
[EventCountry "DEN"]
[SourceTitle "CBM 166 Extra"]
[Source "ChessBase"]
[SourceDate "2015.06.18"]
[SourceVersion "1"]
[SourceVersionDate "2015.06.18"]
[SourceQuality "1"]

1. d4 Nf6 2. c4 c5 3. d5 e6 4. Nc3 exd5 5. cxd5 d6 6. Nf3 g6 7. h3 Bg7 8. Bf4 0-0 9. e3 Qe7 10. Be2 Nbd7 11. 0-0 a6 12. a4 Rb8 13. Bh2 Ne8 14. Qb3 Nc7 15. Rfd1 Re8 16. Nd2 Ne5 17. e4 f5 18. a5 Bd7 19. f4 Nf7 20. e5 dxe5 21. Nc4 Nb5 22. Nxb5 axb5 23. Nxe5 Nxe5 24. fxe5 Bxe5 25. Bxb5 Bxh2+ 26. Kxh2 Qd6+ 27. Kh1 Bxb5 28. Qxb5 Re5 29. Rac1 Rxd5 30. Rxd5 Qxd5 31. Qxc5 Rd8 32. b4 Qe4 33. Qc4+ Qxc4 34. Rxc4 Rd7 35. Kh2 Kf7 36. Rc5 Ke6 37. Kg3 Rd3+ 38. Kf2 Rd5 39. Rc7 1/2-1/2

[Event "Copenhagen Challenge"]
[Site "Ballerup"]
[Date "2015.04.30"]
[Round "3"]
[White "Dijkhuis, Sven"]
[Black "Tandrup, Michael"]
[Result "1-0"]
[WhiteElo "2082"]
[BlackElo "1972"]
[PlyCount "135"]
[EventDate "2015.04.29"]
[EventType "swiss"]
[EventRounds "9"]
[EventCountry "DEN"]
[SourceTitle "CBM 166 Extra"]
[Source "ChessBase"]
[SourceDate "2015.06.18"]
[SourceVersion "1"]
[SourceVersionDate "2015.06.18"]
[SourceQuality "1"]

1. e4 e6 2. d4 d5 3. Nd2 dxe4 4. Nxe4 Bd7 5. Nf3 Bc6 6. Bd3 Nd7 7. 0-0 Ngf6 8. Ng3 Bxf3 9. Qxf3 c6 10. b3 Be7 11. Bb2 0-0 12. c4 Qc7 13. Rfd1 Rad8 14. Rac1 Qb8 15. Bb1 Rfe8 16. h3 Nf8 17. Re1 N8d7 18. Rcd1 Bb4 19. Re3 c5 20. Nh5 Nxh5 21. Qxh5 g6 22. Qf3 cxd4 23. Bxd4 Bc5 24. Red3 Bxd4 25. Rxd4 Ne5 26. Qf6 Rxd4 27. Rxd4 Qc7 28. Be4 Nc6 29. Bxc6 Qxc6 30. h4 h5 31. Qe5 Qa6 32. Rd2 Qa3 33. Qc3 Qe7 34. Qd4 Qa3 35. g3 a6 36. Kg2 Qe7 37. Qb6 Rc8 38. Rd6 Qc7 39. Qd4 Rf8 40. Kh2 Qa5 41. Rb6 e5 42. Qe3 Rd8 43. Rxb7 Qxa2 44. Qf3 Rf8 45. Kg2 Qc2 46. Qe3 Re8 47. Ra7 Rb8 48. Qf3 Qf5 49. Qxf5 gxf5 50. Rxa6 Rxb3 51. Rf6 f4 52. gxf4 Rc3 53. fxe5 Rxc4 54. Kh3 Kg7 55. f3 Rc5 56. Rf5 Kg6 57. Rg5+ Kh6 58. Kg3 Rc4 59. Rf5 Kg6 60. Rf6+ Kg7 61. Rf4 Rc5 62. Re4 Kg6 63. Kf4 Rc6 64. Rd4 Rc3 65. Rd6+ Kg7 66. Rf6 Ra3 67. Kg5 Ra5 68. f4 1-0

[Event "Copenhagen Challenge"]
[Site "Ballerup"]
[Date "2015.04.30"]
[Round "2"]
[White "Kistrup, Nicolai"]
[Black "Dijkhuis, Sven"]
[Result "0-1"]
[WhiteElo "2029"]
[BlackElo "2082"]
[PlyCount "124"]
[EventDate "2015.04.29"]
[EventType "swiss"]
[EventRounds "9"]
[EventCountry "DEN"]
[SourceTitle "CBM 166 Extra"]
[Source "ChessBase"]
[SourceDate "2015.06.18"]
[SourceVersion "1"]
[SourceVersionDate "2015.06.18"]
[SourceQuality "1"]

1. d4 Nf6 2. Nf3 c5 3. d5 e6 4. Nc3 exd5 5. Nxd5 Nxd5 6. Qxd5 Be7 7. e4 0-0 8. Bc4 Nc6 9. c3 d6 10. Qd3 Qc7 11. Bd5 Bd7 12. 0-0 a6 13. Rd1 Kh8 14. Bf4 Rad8 15. Rd2 f5 16. Bxc6 Bxc6 17. exf5 Bxf3 18. Qxf3 Rxf5 19. Qe4 Rdf8 20. Bg3 h6 21. f3 R8f7 22. Rad1 R5f6 23. Rd5 Bf8 24. Qd3 Rd7 25. Be5 Re6 26. Qf5 Re8 27. Bf4 Rdd8 28. Qg6 Qb6 29. Qc2 Re6 30. Kf1 Rde8 31. b3 Qb5+ 32. c4 Qa5 33. Qd2 Qc7 34. Bxd6 Bxd6 35. Rxd6 R6e7 36. Qc3 Re3 37. Qd2 R3e7 38. Qf4 b5 39. cxb5 axb5 40. R1d5 Qa5 41. Rd2 Qc3 42. Kf2 Qc1 43. Kg3 Qe1+ 44. Kh3 Kg8 45. Rd8 Qe6+ 46. Qg4 Qe5 47. f4 Qe3+ 48. Qf3 Qe6+ 49. f5 Qf6 50. Rxe8+ Rxe8 51. g4 Kh7 52. Re2 Rd8 53. Kg3 Qa1 54. g5 Qg1+ 55. Rg2 Qe1+ 56. Kh3 c4 57. bxc4 bxc4 58. Qh5 Rd3+ 59. Rg3 Rxg3+ 60. hxg3 Qh1+ 61. Kg4 Qxh5+ 62. Kxh5 c3 0-1

[Event "Groningen op 52nd"]
[Site "Groningen"]
[Date "2014.12.28"]
[Round "7"]
[White "Acikel, Mert"]
[Black "Dijkhuis, Sven"]
[Result "0-1"]
[WhiteElo "1917"]
[BlackElo "2126"]
[PlyCount "94"]
[EventDate "2014.12.21"]
[EventType "swiss"]
[EventRounds "9"]
[EventCountry "NED"]
[SourceTitle "CBM 164 Extra"]
[Source "ChessBase"]
[SourceDate "2015.03.02"]
[SourceVersion "1"]
[SourceVersionDate "2015.03.02"]
[SourceQuality "1"]

1. e4 c5 2. Nf3 e6 3. d4 cxd4 4. Nxd4 Nc6 5. Nc3 Qc7 6. Be3 a6 7. Qd2 Nf6 8. f3 Be7 9. 0-0-0 b5 10. Kb1 Bb7 11. g4 Nxd4 12. Bxd4 0-0 13. Bxf6 Bxf6 14. Qxd7 Qb6 15. Qd2 Rad8 16. Bd3 b4 17. Ne2 a5 18. Qf4 Qc5 19. h4 a4 20. g5 Be5 21. Qc1 Qb6 22. h5 b3 23. cxb3 axb3 24. a3 Rc8 25. Qd2 Ba6 26. Qb4 Qa7 27. f4 Rb8 28. Qd2 Rfd8 29. fxe5 Rxd3 30. Qc1 Rxd1 31. Qxd1 Qc5 32. Nc3 Qxe5 33. Qg4 Bd3+ 34. Kc1 Rc8 35. Kd2 Bc2 36. Ke2 Qd4 37. g6 Rc7 38. Qf4 Rd7 39. Qb8+ Rd8 40. gxf7+ Kxf7 41. Qf4+ Kg8 42. Qe3 Qf6 43. Qb6 Qg5 44. Qxe6+ Kh8 45. Rh3 Qd2+ 46. Kf3 Rf8+ 47. Kg4 Qf4# 0-1

[Event "Groningen op 52nd"]
[Site "Groningen"]
[Date "2014.12.23"]
[Round "3"]
[White "Nguyen, Kevin"]
[Black "Dijkhuis, Sven"]
[Result "1-0"]
[WhiteElo "1986"]
[BlackElo "2126"]
[PlyCount "53"]
[EventDate "2014.12.21"]
[EventType "swiss"]
[EventRounds "9"]
[EventCountry "NED"]
[SourceTitle "CBM 164 Extra"]
[Source "ChessBase"]
[SourceDate "2015.03.02"]
[SourceVersion "1"]
[SourceVersionDate "2015.03.02"]
[SourceQuality "1"]

1. e4 c5 2. Nc3 Nc6 3. Bb5 Nd4 4. Nf3 e6 5. 0-0 a6 6. Bd3 b5 7. b3 Bb7 8. Nxd4 cxd4 9. Ne2 e5 10. Bb2 d5 11. Ng3 Nf6 12. f4 exf4 13. Rxf4 Bd6 14. e5 Bxe5 15. Qe2 Ne4 16. Rf5 Bxg3 17. hxg3 0-0 18. Bxe4 dxe4 19. Qf2 Qd6 20. Bxd4 Rfd8 21. c3 Rd7 22. Rf1 Qg6 23. Qf4 h6 24. Qh4 Re8 25. R5f4 Qc6 26. Qg4 Qg6 27. Qxd7 1-0

[Event "Maastricht Limburg op-A 8th"]
[Site "Maastricht"]
[Date "2014.06.09"]
[Round "7"]
[White "Snuverink, Michiel"]
[Black "Dijkhuis, Sven"]
[Result "1-0"]
[WhiteElo "2053"]
[BlackElo "1993"]
[PlyCount "107"]
[EventDate "2014.06.06"]
[EventType "swiss"]
[EventRounds "7"]
[EventCountry "NED"]
[SourceTitle "CBM 160 Extra"]
[Source "ChessBase"]
[SourceDate "2014.07.01"]
[SourceVersion "1"]
[SourceVersionDate "2014.07.01"]
[SourceQuality "1"]

1. e4 c5 2. Nf3 e6 3. Nc3 d6 4. Bb5+ Bd7 5. 0-0 Bxb5 6. Nxb5 Nf6 7. Re1 Nc6 8. d4 a6 9. Nc3 cxd4 10. Nxd4 Be7 11. Nxc6 bxc6 12. b3 0-0 13. Bb2 Qc7 14. Qf3 e5 15. Nd1 Rad8 16. c4 Rfe8 17. Ne3 Bf8 18. Red1 Qb7 19. Rd3 Rd7 20. Rad1 Red8 21. Qf5 Ne8 22. Bxe5 g6 23. Qg4 h5 24. Qh3 Re7 25. Bxd6 Red7 26. e5 Nxd6 27. e6 fxe6 28. Qxe6+ Kg7 29. c5 Qb4 30. cxd6 Rxd6 31. Nf5+ gxf5 32. Rg3+ Qg4 33. Rxg4+ hxg4 34. Qe5+ Kg6 35. Rxd6+ Rxd6 36. Qe8+ Kg7 37. g3 c5 38. Kg2 Rf6 39. h3 gxh3+ 40. Kxh3 Rh6+ 41. Kg2 Rf6 42. f3 Rf7 43. g4 fxg4 44. Qe5+ Rf6 45. fxg4 Kg6 46. g5 Rf5 47. Qe6+ Kxg5 48. Qxa6 Bg7 49. a4 Bc3 50. Qd3 Bb4 51. Qb5 Bc3 52. Qb6 Bb4 53. a5 Rf6 54. Qd8 1-0

[Event "Lille Luce op 5th"]
[Site "Lille"]
[Date "2014.05.02"]
[Round "6"]
[White "Dijkhuis, Sven"]
[Black "Andriamandimbisoa, Mathieu"]
[Result "1-0"]
[WhiteElo "1993"]
[BlackElo "1697"]
[PlyCount "81"]
[EventDate "2014.04.28"]
[EventType "swiss"]
[EventRounds "9"]
[EventCountry "FRA"]
[SourceTitle "CBM 160 Extra"]
[Source "ChessBase"]
[SourceDate "2014.07.01"]
[SourceVersion "1"]
[SourceVersionDate "2014.07.01"]
[SourceQuality "1"]

1. e4 e6 2. d4 d5 3. Nd2 c5 4. exd5 exd5 5. dxc5 Bxc5 6. Nb3 Bd6 7. Nf3 Nc6 8. Bd3 Nge7 9. 0-0 h6 10. c3 0-0 11. Nbd4 a6 12. Be3 Bg4 13. Qd2 Qd7 14. h3 Nxd4 15. Nxd4 Bh5 16. Ne2 Qc7 17. Nf4 Bxf4 18. Bxf4 Qc6 19. Bc2 Bg6 20. Bb3 Bf5 21. Rad1 Be6 22. Rfe1 Rad8 23. Bc2 Nf5 24. g4 Nh4 25. Qd3 f5 26. Bg3 g5 27. Bxh4 gxh4 28. Re5 Rd7 29. gxf5 Rg7+ 30. Kh1 d4+ 31. Qe4 Bd7 32. Rxd4 Qb6 33. Qe2 Qf6 34. Rxd7 Rxd7 35. Re6 Qd8 36. Rg6+ Rg7 37. Bb3+ Kh8 38. Rxh6+ Rh7 39. Rxh7+ Kxh7 40. Qh5+ Kg7 41. Qg6+ 1-0

[Event "Lille Luce op 5th"]
[Site "Lille"]
[Date "2014.05.02"]
[Round "7"]
[White "Laine, Panu"]
[Black "Dijkhuis, Sven"]
[Result "1-0"]
[WhiteElo "2177"]
[BlackElo "1993"]
[PlyCount "37"]
[EventDate "2014.04.28"]
[EventType "swiss"]
[EventRounds "9"]
[EventCountry "FRA"]
[SourceTitle "CBM 160 Extra"]
[Source "ChessBase"]
[SourceDate "2014.07.01"]
[SourceVersion "1"]
[SourceVersionDate "2014.07.01"]
[SourceQuality "1"]

1. e4 c5 2. Nf3 e6 3. c3 Nf6 4. e5 Nd5 5. d4 cxd4 6. cxd4 d6 7. Nc3 Nxc3 8. bxc3 Nc6 9. Bf4 Be7 10. Bd3 0-0 11. 0-0 b6 12. Qe2 Bb7 13. Qe4 g6 14. Rad1 Rc8 15. Bh6 Re8 16. Qf4 Qd7 17. Ng5 Bf8 18. Ne4 Be7 19. Nf6+ 1-0

[Event "Lille Luce op 5th"]
[Site "Lille"]
[Date "2014.04.30"]
[Round "4"]
[White "Dijkhuis, Sven"]
[Black "Smith, Axel"]
[Result "0-1"]
[WhiteElo "1993"]
[BlackElo "2478"]
[PlyCount "68"]
[EventDate "2014.04.28"]
[EventType "swiss"]
[EventRounds "9"]
[EventCountry "FRA"]
[SourceTitle "CBM 160 Extra"]
[Source "ChessBase"]
[SourceDate "2014.07.01"]
[SourceVersion "1"]
[SourceVersionDate "2014.07.01"]
[SourceQuality "1"]

1. e4 c5 2. Nf3 e6 3. d4 cxd4 4. Nxd4 a6 5. Nc3 b5 6. a3 Bb7 7. Be3 d6 8. Qd2 Nf6 9. f3 Nbd7 10. g4 Nb6 11. 0-0-0 Rc8 12. g5 Nfd7 13. f4 d5 14. e5 b4 15. Na2 bxa3 16. b3 Nc5 17. Bd3 Be7 18. h4 Nba4 19. bxa4 Qb6 20. Bb5+ axb5 21. axb5 Ne4 22. Qd3 Rc4 23. Qb3 Bc5 24. c3 0-0 25. Rhe1 Rc8 26. Nc2 Bxe3+ 27. Rxe3 d4 28. Nxa3 Bd5 29. Rxe4 Rxc3+ 30. Nxc3 Bxb3 31. Rdxd4 Rxc3+ 32. Kb2 Rg3 33. Rd2 Bd5 34. Ra4 h5 0-1

[Event "Hoogeveen Unive op 17th"]
[Site "Hoogeveen"]
[Date "2013.10.18"]
[Round "1"]
[White "Vogel, Jaap"]
[Black "Dijkhuis, Sven"]
[Result "1/2-1/2"]
[WhiteElo "2180"]
[BlackElo "1921"]
[PlyCount "35"]
[EventDate "2013.10.18"]
[EventType "swiss"]
[EventRounds "9"]
[EventCountry "NED"]
[SourceTitle "EXT 2014"]
[Source "ChessBase"]
[SourceDate "2013.11.20"]
[SourceVersion "1"]
[SourceVersionDate "2013.11.20"]
[SourceQuality "1"]

1. d4 Nf6 2. Nf3 g6 3. g3 Bg7 4. Bg2 0-0 5. 0-0 c5 6. c3 d5 7. Bf4 Nc6 8. Nbd2 Re8 9. dxc5 e5 10. Bg5 e4 11. Nd4 h6 12. Bxf6 Bxf6 13. Nxc6 bxc6 14. Qa4 Qc7 15. Nb3 Rb8 16. Rad1 Be6 17. f3 e3 18. f4 1/2-1/2

[Event "Cologne Longerich op-A 10th"]
[Site "Cologne"]
[Date "2013.07.20"]
[Round "3"]
[White "Rotstein, Arkadij"]
[Black "Dijkhuis, Sven"]
[Result "0-1"]
[WhiteElo "2498"]
[BlackElo "1793"]
[PlyCount "77"]
[EventDate "2013.07.19"]
[EventType "tourn"]
[EventRounds "5"]
[EventCountry "GER"]
[SourceTitle "EXT 2017"]
[Source "ChessBase"]
[SourceDate "2016.10.25"]
[SourceVersion "1"]
[SourceVersionDate "2016.10.25"]
[SourceQuality "1"]

1. e4 c5 2. Nf3 e6 3. d4 cxd4 4. Nxd4 Nf6 5. Nc3 d6 6. Be3 a6 7. Qd2 b5 8. f3 Nbd7 9. 0-0-0 Bb7 10. g4 h6 11. h4 b4 12. Nce2 d5 13. Bh3 dxe4 14. g5 exf3 15. Ng3 Nd5 16. g6 Nc5 17. gxf7+ Kxf7 18. Nxf3 Qc7 19. Qf2 Nxe3 20. Rd7+ Nxd7 21. Ng5+ Ke7 22. Qf7+ Kd6 23. Qxe6+ Kc5 24. Qxe3+ Kb5 25. Rd1 hxg5 26. Rxd7 Qf4 27. Rxb7+ Ka5 28. Qxf4 gxf4 29. Ne4 Re8 30. Bg2 Rxh4 31. Bf3 g5 32. Nd2 Rc8 33. Bd5 g4 34. Nb3+ Ka4 35. Be6 Rd8 36. Rd7 Re8 37. Rd5 Rh1+ 38. Kd2 Rd8 39. Bd7+ 0-1